Dragon Ball - Les transformations en Super Saiyan - Statistiques

Statistiques générales
  • Ce quiz a été pris 786 fois
  • Le résultat moyen est 4 sur 20
Statistiques - réponses
Personnages qui ont eu cette transformation Animés Transformations % Correct
Sangoku, Mirai Trunks, Végéta, Sangohan, Sangoten, Trunks, Gogéta, Végéto, Broly, Cabba, Kale, Caulifla DBZ, DBS Super Saiyan
100%
Sangoku, Gotenks DBZ Super Saiyan 3
41%
Sangohan, Sangoku, Majin Végéta, Caulifla DBZ, DBS Super Saiyan 2
39%
Sangoku, Végéta, Gogéta DBGT Super Saiyan 4
38%
Sangoku, Végéta DBS Super Saiyan Blue
37%
Sangoku, Végéta DBS Super Saiyan God
33%
Broly DBZ Super Saiyan Légendaire
33%
Black Goku DBS Super Saiyan Rosé
29%
Mirai Trunks DBS Super Saiyan Rage
9%
Végéta DBS Super Saiyan Blue Evolué
8%
Sangoku, Végéta DBS Super Saiyan Blue Full Power
6%
Sangoku, Sangohan, Broly DBZ, DBS Super Saiyan Full Power
5%
Sangoku DBZ Faux Super Saiyan
4%
Kale, Kefla, Sangoku DBS, SDBH Super Saiyan Berserker
4%
Sangoku DBS Super Saiyan Blue Kaioken x10
2%
Végéta, Mirai Trunks DBZ Super Saiyan de niveau 2
2%
Mirai Trunks, Sangoku, Végéta DBZ Super Saiyan de niveau 3
2%
Sangoku, Végéta SDBH Super Saiyan Blue Berserker
1%
Végéta SDBH Super Saiyan Blue Berserker Calme
1%
Sangoku SDBH Super Saiyan Blue Universel
1%
Aucun quiz correspondant
Distribution des résultats
% des personnes avec chaque résultat
Percentile par nombre de réponses
Votre historique - résultats
Vous n’avez pas pris ce quiz